The end of the novel : a novella /

Bibliographic Details
Main Author: Krüger, Michael, 1943-
Format: Book
Language:English
Published: New York : G. Braziller, 1992.
Edition:1st U.S. ed.
Subjects:

MARC

Tag First Indicator Second Indicator Subfields
LEADER 00000cam a22000008a 4500
001 in00001078956
005 20150929161912.0
008 911112s1992 nyu 000 1 eng
010 |a  91043571  
020 |a 0807612758 :  |c $17.50 
035 |a (OCoLC)24871278 
035 |9 AFQ9158AM 
040 |a DLC  |c DLC  |d OCL  |d CLE  |d SVP  |d YQR  |d UtOrBLW 
041 1 |a eng  |h ger 
049 |a TXAM 
050 0 0 |a PT2671.R736  |b E513 1992 
082 0 0 |a 833/.914  |2 20 
100 1 |a Krüger, Michael,  |d 1943- 
240 1 0 |a Ende des Romans.  |l English 
245 1 4 |a The end of the novel :  |b a novella /  |c Michael Krüger ; translated from the German by Ewald Osers. 
250 |a 1st U.S. ed. 
263 |a 9203 
264 1 |a New York :  |b G. Braziller,  |c 1992. 
300 |a 106 pages ;  |c 21 cm. 
336 |a text  |b txt  |2 rdacontent 
337 |a unmediated  |b n  |2 rdamedia 
338 |a volume  |b nc  |2 rdacarrier 
500 |a Translation of: Das Ende des Romans. 
650 0 |a Novelists, German  |x Fiction. 
999 |a MARS 
999 f f |s feb4eec4-dff9-3d7b-b8e7-5ad001830ce3  |i a6f2e713-b525-3871-a58a-11d229bb10d1  |t 0 
952 f f |p normal  |a Texas A&M University  |b College Station  |c Sterling C. Evans Library  |d Evans: Library Stacks  |t 0  |e PT2671.R736 E513 1992  |h Library of Congress classification  |i unmediated -- volume  |m A14816233600 
998 f f |a PT2671.R736 E513 1992  |t 0  |l Evans: Library Stacks